Prebudené dalmatiky Premonštráti v Jasove zachránili barokové textílie

Bibliographic Details
Main Author: Šindlerová, Nadežda (Author)
Corporate Author: Kláštor premonštrátov (Jasov, Slovensko) (Author)
Format: Article
Language:Slovak
Subjects:

MARC

LEADER 00000nab a2200000 a 4500
001 vtls000920212
003 SK-MaSNL
005 20260303033859.0
008 040720e19911104xo 0 slo
035 |a KE29089 
040 |a KEVKJB  |b slo  |c KEVKJB  |e AACR2 
041 0 |a slo 
044 |a xo  |c SK 
080 |a 726.7  |2 1981 
080 |a 282  |2 1981 
100 1 |a Šindlerová, Nadežda  |4 aut  |9 880608 
245 1 0 |a Prebudené dalmatiky  |b Premonštráti v Jasove zachránili barokové textílie 
610 2 7 |a Kláštor premonštrátov (Jasov, Slovensko)  |2 KEVKJB  |9 169238 
650 0 7 |a rúcha kňazov barokové  |2 KEVKJB  |9 1018301 
650 0 7 |a záchrana  |2 KEVKJB  |9 3889 
650 0 7 |a sprístupnenie  |2 KEVKJB  |9 883470 
650 0 7 |a informácie  |2 KEVKJB  |9 1285 
651 7 |a Jasov (Slovensko)  |2 KEVKJB  |9 22401 
651 7 |a KS,  |2 KEVKJB  |9 880381 
655 7 |a periodikum  |2 snkbucl  |9 29553 
710 2 |a Kláštor premonštrátov (Jasov, Slovensko)  |4 aut  |9 169238 
773 0 8 |t Slovenský východ  |g Roč. 1  |g Roč. 20, č.258, 4.11.1991, s. 1,2 
852 |a ZVYKNI  |b KIS3GCP 
999 |c 1671659  |d 1673589